000 00969cam a22002771 4500
001 3587525
003 ARRUPE
005 20161007113128.0
008 711020s1966 nyuabce b 000 0 eng
010 _a 66016540
040 _aDLC
_cDLC
_dDLC
043 _ae-it---
050 0 0 _aNB623.B9
_bC6
082 0 0 _a709.24
100 1 _aCoughlan, Robert,
_d1914-1992.
_926580
245 1 4 _aThe world of Michelangelo, 1475-1564,
_cby Robert Coughlan and the editors of Time-Life Books.
260 _aNew York,
_bTime, inc.
_c[1966]
300 _a202 p.
_billus. (part fold., part col.), coats of arms, geneal. tables, maps, plans, ports. (part col.)
_c31 cm.
490 0 _aTime-Life library of art
504 _aBibliography: p. 198-199.
600 0 0 _aMichelangelo Buonarroti,
_d1475-1564.
_926581
651 0 _aItaly
_xHistory
_y1492-1559
_926582
710 2 _aTime-Life Books.
_926560
906 _a7
_bcbc
_corignew
_du
_eocip
_f19
_gy-gencatlg
942 _2lcc
_cMONOGRAPH
999 _c125460
_d125460